Chemical vapour deposition of group Vb metal phosphide thin films /
Shranjeno v:
| Drugi avtorji: | , , , , , |
|---|---|
| Format: | Bài viết |
| Jezik: | English |
| Teme: | |
| Oznake: |
Označite
Brez oznak, prvi označite!
|
| Thư viện lưu trữ: | Thư viện Trường Đại học Đà Lạt |
|---|
| LEADER | 01050nam a2200361 4500 | ||
|---|---|---|---|
| 001 | DLU090095578 | ||
| 005 | ##20091201 | ||
| 040 | # | # | |a DLU |b eng |
| 041 | # | # | |a eng |
| 044 | # | # | |a us |
| 245 | # | # | |a Chemical vapour deposition of group Vb metal phosphide thin films / |c C. S. Blackman ... [et al.]. |
| 653 | # | # | |a Crystallinity |
| 653 | # | # | |a Inorganic compounds |
| 653 | # | # | |a Temperature effect |
| 653 | # | # | |a Thin films |
| 653 | # | # | |a Transition element compounds |
| 653 | # | # | |a Vanadium chlorides |
| 700 | # | # | |a Apostolico, L. |
| 700 | # | # | |a Blackman, C. S. |
| 700 | # | # | |a Carmalt, C. J. |
| 700 | # | # | |a Molloy, K. C. |
| 700 | # | # | |a O'Neill, S. A. |
| 700 | # | # | |a Parkin, I. P. |
| 773 | # | # | |t Journal of Materials Chemistry |g Vol. 13, no. 8 (2003), p. 1930-1935 |
| 920 | # | # | |a Phòng Tạp chí -- Trung tâm Thông tin - Thư viện Trường Đại học Đà Lạt |
| 994 | # | # | |a DLU |
| 900 | # | # | |a True |
| 911 | # | # | |a Trương Bảo Trâm Anh |
| 925 | # | # | |a G |
| 926 | # | # | |a A |
| 927 | # | # | |a BB |
| 980 | # | # | |a Thư viện Trường Đại học Đà Lạt |